| 000 | 01075nas a2200349 454500 | ||
|---|---|---|---|
| 001 | IICA0700824 | ||
| 003 | BR-BrBNA | ||
| 005 | 20260323111539.0 | ||
| 007 | ta | ||
| 008 | 260323b bl.|||p| |||| 00| 00por d | ||
| 040 |
_aBR-BrBNA _bpor _cBiblioteca Nacional de Agricultura |
||
| 041 | _a(Es) | ||
| 072 | _aF04 | ||
| 100 | 1 | _aBendix, M.E.S. | |
| 100 | 1 | _aFernandes, M.S. | |
| 100 | 1 | _aPereyra Rossiello, R.O. | |
| 245 | 1 | _aAspectos de la nutricion nitrogenada de Paspalum notarum Flugge, en respuesta a fuentes de nitrogenio e inhibicion de nitrificacion | |
| 300 | _av. 32(1) p. 33-41 | ||
| 650 | _aPASPALUM NOTATUM | ||
| 650 | _aGRAMA-BATATAIS | ||
| 650 | _aGRAMINEA FORRAGEIRA | ||
| 650 | _aINOCULACAO | ||
| 650 | _aFERTILIZANTE NITROGENADO | ||
| 650 | _aNUTRICAO VEGETAL | ||
| 650 | _aINTERACAO GENETICA | ||
| 650 | _aSIMBIOSE | ||
| 650 | _aPRODUTIVIDADE | ||
| 650 | _aFOTOSSINTESE | ||
| 773 | 0 |
_tTURRIALBA (IICA) _X0041-4360 _g(Jan-Mar 1982), v. 32(1) p. 33-41 _wIICA0700824 |
|
| 909 |
_a202603 _bLúcia _c55 _dLúcia Elande |
||
| 942 |
_2IICA _n0 _cANA |
||
| 999 |
_c340815 _d340815 |
||